000
00290 a2200145 4500
003
Nust
005
20170207153528.0
040
_c
Nust
082
_a
297
100
_a
Ahmed, ishtiaq
245
_a
zalim Bhai
_c
Ishtiaq Ahmed
260
_a
Lahore
_b
Darus slam
300
_a
11 :p
650
_a
Islam
942
_2
ddc
_c
BK
999
_c
187864
_d
187864